Der Kampf um den Zucker.

Uložené v:
Podrobná bibliografia
Hlavný autor: Tannenberg, Gerhard
Médium: Kniha
Jazyk:Slovak
Vydané: [s. a.].
Fyzický popis: 304 s.
Tagy: Pridať tag
Žiadne tagy, Buďte prvý kto otaguje tento záznam!

MARC

LEADER 00000nam a22000004a 4500
001 000550607
005 20170711130601.0
008 170710s xo e 000 0 slo d
040 |a SVKKK  |b slo  |c SVKKK  |e AACR2 
100 1 |a Tannenberg, Gerhard 
245 1 0 |a Der Kampf um den Zucker. 
260 |c [s. a.]. 
300 |a 304 s. 
500 |a Záznam revízie 
910 |a svkkk 
998 |a BK 
090 |g SCKHL  |k Sklad Pribinova 2. posch.  |a III.1306  |j 36669  |i 2720354722  |s Prezenčne